|
|
|
|
| LEADER |
00000nam0a2200000 4500 |
| 001 |
174880 |
| 005 |
20231101223205.0 |
| 010 |
|
|
|a 5852552372
|
| 035 |
|
|
|a (RuTPU)RU\TPU\book\189638
|
| 035 |
|
|
|a RU\TPU\book\136077
|
| 090 |
|
|
|a 174880
|
| 100 |
|
|
|a 20100205g1993 m y0rusy5003 ca
|
| 101 |
1 |
|
|a rus
|c fre
|
| 102 |
|
|
|a RU
|
| 105 |
|
|
|a ab z 000ad
|
| 200 |
1 |
|
|a История великих путешествий
|e В 3 кн. Пер. с фр.
|h Кн. 3. Путешественники XIX века
|f Ж. Верн
|g сост. В. Невский
|
| 210 |
|
|
|a Москва
|c Терра
|d 1993
|
| 215 |
|
|
|d 22 см
|e (ил., карты)
|a 493 с.
|
| 320 |
|
|
|a Библиогр.: с. 475-489
|
| 610 |
1 |
|
|a Географические открытия и исследования
|
| 610 |
1 |
|
|a Путешествия
|
| 610 |
1 |
|
|a история
|
| 610 |
1 |
|
|a французская литература
|
| 610 |
1 |
|
|a романы
|
| 610 |
1 |
|
|a 19 век
|
| 610 |
1 |
|
|a путешественники
|
| 675 |
|
|
|a 84
|z rus
|v 3
|
| 675 |
|
|
|a 910.4
|z rus
|v 3
|
| 700 |
|
1 |
|a Верн
|b Ж.
|c французский писатель
|f 1828-1905
|g Жюль
|2 stltpush
|3 (RuTPU)RU\TPU\pers\20608
|9 8348
|
| 702 |
|
1 |
|a Невский
|b В.
|4 220
|
| 801 |
|
0 |
|a RU
|b RuMRKP
|c 19960630
|g psbo
|
| 801 |
|
1 |
|a RU
|b 63413507
|c 20071120
|g PSBO
|
| 801 |
|
2 |
|a RU
|b 63413507
|c 20180115
|g PSBO
|
| 942 |
|
|
|c BK
|